Comunicación : (Record no. 114765)

MARC details
000 -LEADER
campo de control de longitud fija 01543 a2200349 4500
003 - IDENTIFICADOR DE NÚMERO DE CONTROL
campo de control BJBSDDR
005 - FECHA Y HORA DE LA ÚLTIMA TRANSACCIÓN
campo de control 20230411090705.0
007 - CAMPO FIJO DE DESCRIPCIÓN FÍSICA--INFORMACIÓN GENERAL
campo de control de longitud fija ta
008 - DATOS DE LONGITUD FIJA--INFORMACIÓN GENERAL
campo de control de longitud fija 081020s2015 mx ||||| |||| 00| 0 spa d
020 ## - NÚMERO INTERNACIONAL ESTÁNDAR DEL LIBRO
Número Internacional Estándar del Libro 9786077361367
020 ## - NÚMERO INTERNACIONAL ESTÁNDAR DEL LIBRO
Número Internacional Estándar del Libro 6077361364
040 ## - FUENTE DE CATALOGACIÓN
Lengua de catalogación spa
Centro/agencia transcriptor BJBSDDR
041 ## - CÓDIGO DE IDIOMA
Código de lengua del texto/banda sonora o título independiente spa
050 14 - SIGNATURA TOPOGRÁFICA DE LA BIBLIOTECA DEL CONGRESO
Número de clasificación LA 422.7
Número de ítem C741 2015
245 00 - MENCIÓN DEL TÍTULO
Título Comunicación :
Resto del título la comunicación socialmente responsable para el desarrollo y el cambio educativo /
Mención de responsabilidad, etc. María Mirna Granat Ramos, Lucinda Sepúlveda García (coordinadoras).
246 3# - FORMA VARIANTE DEL TITULO
Título propio/Titulo breve Comunicación socialmente responsable para el desarrollo y el cambio educativo
260 ## - PUBLICACIÓN, DISTRIBUCIÓN, ETC.
Lugar de publicación, distribución, etc. México, D.F. :
Nombre del editor, distribuidor, etc. Editorial Fontamara ;
Lugar de publicación, distribución, etc. [Monterrey] :
Nombre del editor, distribuidor, etc. UANL, Universidad Autónoma de Nuevo León,
Fecha de publicación, distribución, etc. 2015
300 ## - DESCRIPCIÓN FÍSICA
Extensión 333 pages :
Otras características físicas illustrations ;
Dimensiones 21 cm.
490 0# - MENCIÓN DE SERIE
Mención de serie Colección Argumentos (Fontamara (Firm : Mexico City, Mexico)), 225.
650 #4 - PUNTO DE ACCESO ADICIONAL DE MATERIA--TÉRMINO DE MATERIA
9 (RLIN) 1685
Término de materia o nombre geográfico como elemento de entrada Cambio educacional
Subdivisión geográfica México
Subdivisión de forma Congresos, conferencias, etc.
650 #4 - PUNTO DE ACCESO ADICIONAL DE MATERIA--TÉRMINO DE MATERIA
9 (RLIN) 1840
Término de materia o nombre geográfico como elemento de entrada Comunicación en educación
Subdivisión geográfica México
Subdivisión de forma Congresos, conferencias, etc.
650 #4 - PUNTO DE ACCESO ADICIONAL DE MATERIA--TÉRMINO DE MATERIA
9 (RLIN) 7979
Término de materia o nombre geográfico como elemento de entrada Responsabilidad social de la empresa
Subdivisión geográfica México
650 #4 - PUNTO DE ACCESO ADICIONAL DE MATERIA--TÉRMINO DE MATERIA
9 (RLIN) 16271
Término de materia o nombre geográfico como elemento de entrada Radios comunitarias
650 #4 - PUNTO DE ACCESO ADICIONAL DE MATERIA--TÉRMINO DE MATERIA
9 (RLIN) 16272
Término de materia o nombre geográfico como elemento de entrada Estudiantes universitarios
Subdivisión general Redes sociales
Subdivisión geográfica México
650 #4 - PUNTO DE ACCESO ADICIONAL DE MATERIA--TÉRMINO DE MATERIA
9 (RLIN) 6387
Término de materia o nombre geográfico como elemento de entrada Educación y Estado
650 #4 - PUNTO DE ACCESO ADICIONAL DE MATERIA--TÉRMINO DE MATERIA
9 (RLIN) 16273
Término de materia o nombre geográfico como elemento de entrada Comunicación
Subdivisión general Estudio y enseñanza
Subdivisión geográfica México
700 1# - ENTRADA AGREGADA--NOMBRE PERSONAL
9 (RLIN) 13416
Nombre de persona Granat Ramos, María Mirna
700 1# - ENTRADA AGREGADA--NOMBRE PERSONAL
9 (RLIN) 16274
Nombre de persona Sepúlveda García, Lucinda
830 ## - PUNTO DE ACCESO ADICIONAL DE SERIE-TÍTULO UNIFORME
Título uniforme Colección Fontamara ;
9 (RLIN) 16270
942 ## - ELEMENTOS DE ENTRADA SECUNDARIOS (KOHA)
Fuente del sistema de clasificación o colocación Clasificación de Library of Congress
Tipo de ítem Koha Libro
946 ## - PROCESAMIENTO DE INFORMACIÓN LOCAL (OCLC)
Iniciales del agente catalogador dpf
Holdings
Estatus retirado Estado de pérdida Estado de daño No para préstamo Colección Biblioteca de origen Biblioteca actual Ubicación en estantería Fecha de adquisición Signatura topográfica completa Código de barras Visto por última vez Copia número Tipo de ítem Koha
        Humanidades Biblioteca Juan Bosch Biblioteca Juan Bosch Humanidades (4to. Piso) 08/10/2020 LA 422.7 C741 2015 00000146598 08/10/2020 1 Libro